Die Banken
Na minha lista:
| Formato: | Livro |
|---|---|
| Idioma: | alemão |
| Publicado em: |
Leipzig
Hübner
1854
|
| Tags: |
Sem tags, seja o primeiro a adicionar uma tag!
|
MARC
| LEADER | 00000nam a2200000 4500 | ||
|---|---|---|---|
| 001 | 0313273 | ||
| 005 | 20251120113223.8 | ||
| 041 | 0 | |a ger | |
| 044 | |a DE | ||
| 245 | 1 | 0 | |a Die Banken |c Otto Hübner |
| 264 | 1 | |a Leipzig |b Hübner |c 1854 | |